[Event "Oberliga Nord N 1819"]
[Site "Germany"]
[Date "2019.04.07"]
[Round "9.7"]
[White "Kussin, Bernd"]
[Black "Luckow, Rolf"]
[Result "1/2-1/2"]
[WhiteElo "2108"]
[BlackElo "2194"]
[PlyCount "105"]
[EventDate "2018.10.21"]
[EventType "team-tourn"]
[EventRounds "9"]
[EventCountry "GER"]
[SourceTitle "EXT 2020"]
[Source "ChessBase"]
[SourceDate "2019.10.17"]
[SourceVersion "1"]
[SourceVersionDate "2019.10.17"]
[SourceQuality "1"]
[WhiteTeam "Johanneum Eppendorf"]
[BlackTeam "Kiel Turm II"]
[WhiteTeamCountry "GER"]
[BlackTeamCountry "GER"]

1. d4 d5 2. Nf3 Nf6 3. c4 c6 4. cxd5 cxd5 5. Nc3 Nc6 6. Bf4 a6 7. e3 Bg4 8. Be2 Bxf3 9. Bxf3 e6 10. 0-0 Bd6 11. Bg3 Bxg3 12. hxg3 0-0 13. Rc1 Qd6 14. Na4 Nd7 15. Qd2 Rfc8 16. Nc5 b6 17. Nxd7 Qxd7 18. Be2 Qb7 19. Rc2 a5 20. Rfc1 Ne7 21. b4 Rxc2 22. Rxc2 g6 23. bxa5 Rxa5 24. Qb4 Ra8 25. a4 h5 26. Bd3 Qd7 27. Bb5 Qd8 28. Bd3 Rc8 29. Rxc8 Nxc8 30. Qc3 Nd6 31. Qc6 Kg7 32. Kf1 Ne8 33. Kg1 Nf6 34. Kf1 Qb8 35. Kg1 Ng4 36. Be2 Nf6 37. Bf3 Qa7 38. Kf1 Qa5 39. Qb5 Qd2 40. Qe2 Qc1+ 41. Qd1 Qc4+ 42. Kg1 Qb4 43. Kh2 Ne8 44. Qc2 Nd6 45. Qc6 Nc4 46. Be2 Qb3 47. e4 Na5 48. Qc7 dxe4 49. Qe5+ Kh7 50. Qc7 Kg7 51. Qe5+ Kg8 52. Qb8+ Kg7 53. Qe5+ 1/2-1/2

[Event "Oberliga Nord N 1819"]
[Site "Germany"]
[Date "2019.01.20"]
[Round "5.8"]
[White "Luckow, Rolf"]
[Black "Hloskovsky, Andrei"]
[Result "1-0"]
[WhiteElo "2194"]
[BlackElo "2091"]
[PlyCount "97"]
[EventDate "2018.10.21"]
[EventType "team-tourn"]
[EventRounds "9"]
[EventCountry "GER"]
[SourceTitle "EXT 2020"]
[Source "ChessBase"]
[SourceDate "2019.10.17"]
[SourceVersion "1"]
[SourceVersionDate "2019.10.17"]
[SourceQuality "1"]
[WhiteTeam "Kiel Turm II"]
[BlackTeam "Hamburg Koenigsspringer"]
[WhiteTeamCountry "GER"]
[BlackTeamCountry "GER"]

1. b3 e5 2. Bb2 Nc6 3. e3 Nf6 4. c4 g6 5. Nf3 Qe7 6. d4 exd4 7. Nxd4 Bg7 8. Nc3 0-0 9. Be2 Ne5 10. Qd2 a6 11. h3 d6 12. 0-0 Bd7 13. Rac1 Rad8 14. Nd5 Nxd5 15. cxd5 c6 16. dxc6 Nxc6 17. Bf3 Rc8 18. Rfd1 Rfd8 19. Bxc6 bxc6 20. Ne2 Bxb2 21. Qxb2 c5 22. Nf4 Bc6 23. Nd5 Bxd5 24. Rxd5 Qc7 25. Qd2 Qb6 26. Rc4 Rd7 27. h4 h5 28. g4 hxg4 29. Rxg4 Qd8 30. h5 Qf6 31. Qd3 Qe6 32. Rg3 Rf8 33. hxg6 f5 34. Qc4 Rf6 35. Kf1 Rg7 36. Rg5 f4 37. exf4 Re7 38. f5 Qe1+ 39. Kg2 Kg7 40. Qh4 Qe4+ 41. Qxe4 Rxe4 42. Kf3 Rh4 43. Rd1 c4 44. Kg3 Re4 45. Rh1 Rf8 46. bxc4 Rxc4 47. Re1 d5 48. Re6 Ra4 49. f6+ 1-0

[Event "Oberliga Nord N 1819"]
[Site "Germany"]
[Date "2018.11.25"]
[Round "3.8"]
[White "Luckow, Rolf"]
[Black "Anderberg, Peter"]
[Result "1-0"]
[WhiteElo "2194"]
[BlackElo "1983"]
[PlyCount "99"]
[EventDate "2018.10.21"]
[EventType "team-tourn"]
[EventRounds "9"]
[EventCountry "GER"]
[SourceTitle "EXT 2020"]
[Source "ChessBase"]
[SourceDate "2019.10.17"]
[SourceVersion "1"]
[SourceVersionDate "2019.10.17"]
[SourceQuality "1"]
[WhiteTeam "Kiel Turm II"]
[BlackTeam "Marmstorf"]
[WhiteTeamCountry "GER"]
[BlackTeamCountry "GER"]

1. b3 d5 2. Bb2 c5 3. e3 a6 4. Nf3 Nc6 5. Be2 d4 6. 0-0 Nf6 7. exd4 cxd4 8. Re1 g6 9. Bc4 Bg7 10. a4 0-0 11. Na3 Bg4 12. Be2 Nd5 13. h3 d3 14. Qc1 Nf4 15. Bxg7 Kxg7 16. Bd1 Bxf3 17. Bxf3 Nd4 18. Qb2 Kg8 19. Bxb7 Rb8 20. Be4 f5 21. Bxd3 Qd6 22. Bc4+ e6 23. Qc3 Qc6 24. Bxe6+ Qxe6 25. Rxe6 Nde2+ 26. Rxe2 Nxe2+ 27. Kf1 Nxc3 28. dxc3 Rbc8 29. c4 Rcd8 30. Rb1 Rfe8 31. Re1 Rf8 32. Nb1 Rd7 33. Nc3 Rd2 34. Re2 Rfd8 35. Ke1 Rxe2+ 36. Kxe2 Kf7 37. Nd5 Re8+ 38. Kd2 a5 39. c3 Re4 40. f3 Re5 41. b4 Ke6 42. Kd3 Re1 43. Kd4 Kd6 44. c5+ Kd7 45. b5 Ra1 46. c6+ Kd6 47. c7 Kd7 48. Kc5 Rd1 49. b6 Rb1 50. Ne7 1-0

[Event "Oberliga Nord N 1516"]
[Site "Germany"]
[Date "2015.11.15"]
[Round "3.6"]
[White "Diekmann, Jens"]
[Black "Luckow, Rolf"]
[Result "1/2-1/2"]
[WhiteElo "2046"]
[BlackElo "2190"]
[PlyCount "107"]
[EventDate "2015.09.20"]
[EventType "team-tourn"]
[EventRounds "9"]
[EventCountry "GER"]
[SourceTitle "CBM 170 Extra"]
[Source "ChessBase"]
[SourceDate "2016.02.25"]
[SourceVersion "1"]
[SourceVersionDate "2016.02.25"]
[SourceQuality "1"]
[WhiteTeam "Marmstorf"]
[BlackTeam "Kiel Turm"]
[WhiteTeamCountry "GER"]
[BlackTeamCountry "GER"]

1. c4 Nf6 2. Nc3 e6 3. e4 d5 4. e5 d4 5. exf6 dxc3 6. bxc3 Qxf6 7. d4 c5 8. Nf3 h6 9. Bd3 cxd4 10. cxd4 Bb4+ 11. Bd2 Bxd2+ 12. Qxd2 0-0 13. Be4 Rd8 14. Rb1 Nc6 15. Bxc6 bxc6 16. Qa5 Bd7 17. 0-0 c5 18. Qxc5 Rdc8 19. Qe5 Rxc4 20. Rb8+ Rc8 21. Rxa8 Rxa8 22. Rb1 a6 23. Rb8+ Rxb8 24. Qxb8+ Kh7 25. Qb1+ g6 26. Qb7 Bb5 27. Ne5 Kg7 28. h3 Qf5 29. Qe7 Qf4 30. a3 h5 31. h4 Qf6 32. Qb7 Qf4 33. Qe7 Ba4 34. Qb7 Be8 35. Qxa6 Qxd4 36. Nf3 Qe4 37. Qa7 Bc6 38. Qd4+ Kf8 39. Qd8+ Kg7 40. Qd4+ Qxd4 41. Nxd4 Ba4 42. f4 Kf6 43. Kf2 e5 44. fxe5+ Kxe5 45. Ke3 f6 46. g3 g5 47. Ne2 Kf5 48. hxg5 fxg5 49. Nd4+ Kg4 50. Kf2 Kh3 51. Ne6 Kg4 52. Nd4 Bd7 53. Kg2 Ba4 54. Kf2 1/2-1/2

[Event "Oberliga Nord N 1415"]
[Site "Germany"]
[Date "2014.09.21"]
[Round "1.7"]
[White "Freitag, Roland"]
[Black "Luckow, Rolf"]
[Result "0-1"]
[WhiteElo "2233"]
[BlackElo "2170"]
[PlyCount "60"]
[EventDate "2014.09.21"]
[EventType "team-tourn"]
[EventRounds "9"]
[EventCountry "GER"]
[SourceTitle "EXT 2016"]
[Source "ChessBase"]
[SourceDate "2015.10.08"]
[SourceVersion "1"]
[SourceVersionDate "2015.10.08"]
[SourceQuality "1"]
[WhiteTeam "Hamburg SF"]
[BlackTeam "Kiel Turm"]
[WhiteTeamCountry "GER"]
[BlackTeamCountry "GER"]

1. e3 e5 2. b3 Nc6 3. Bb2 d5 4. Bb5 Bd6 5. Nf3 Qe7 6. d4 e4 7. Ne5 Bxe5 8. dxe5 a6 9. Bf1 Be6 10. Qd2 0-0-0 11. Qc3 Qb4 12. Qxb4 Nxb4 13. Na3 Ne7 14. f4 h5 15. c3 Nbc6 16. Nc2 h4 17. Be2 Nf5 18. Rd1 g6 19. Rd2 Nh6 20. h3 Nf5 21. Bd1 Rhg8 22. Kf2 g5 23. Bg4 Ng3 24. Rhd1 Bxg4 25. hxg4 gxf4 26. c4 d4 27. Bxd4 Rxg4 28. Kg1 Nxd4 29. exd4 e3 30. Rd3 Ne4 0-1

[Event "Oberliga Nord N 1314"]
[Site "Germany"]
[Date "2014.04.06"]
[Round "9.7"]
[White "Schmidt, Jade"]
[Black "Luckow, Rolf"]
[Result "0-1"]
[WhiteElo "2113"]
[BlackElo "2173"]
[PlyCount "112"]
[EventDate "2013.10.13"]
[EventType "team-tourn"]
[EventRounds "9"]
[EventCountry "GER"]
[SourceTitle "EXT 2015"]
[Source "ChessBase"]
[SourceDate "2014.11.20"]
[SourceVersion "1"]
[SourceVersionDate "2014.11.20"]
[SourceQuality "1"]
[WhiteTeam "Hamburger SK III"]
[BlackTeam "Kiel Turm"]
[WhiteTeamCountry "GER"]
[BlackTeamCountry "GER"]

1. d4 Nf6 2. c4 g6 3. Nc3 d5 4. Nf3 Bg7 5. Bg5 Ne4 6. cxd5 Nxg5 7. Nxg5 e6 8. Qd2 h6 9. Nh3 exd5 10. Qe3+ Kf8 11. Nf4 c6 12. Qf3 Kg8 13. e3 Qe7 14. 0-0-0 Bf5 15. Rg1 Nd7 16. g4 Be6 17. Bd3 Re8 18. Bxg6 fxg6 19. Nxg6 Qf6 20. Qxf6 Nxf6 21. Nxh8 Kxh8 22. f3 Nh7 23. Ne2 Ng5 24. Rdf1 Bf7 25. Kd2 Ne6 26. h4 Bf6 27. Rh1 Be7 28. a3 c5 29. f4 cxd4 30. exd4 Nc7 31. f5 Kg7 32. Rfg1 Nb5 33. g5 Bd8 34. f6+ Kh7 35. Nf4 Rg8 36. Kd3 Bc7 37. g6+ Bxg6+ 38. Nxg6 Rxg6 39. f7 Bd6 40. h5 Rf6 41. Rf1 Rxf1 42. Rxf1 Kg7 43. Rf5 Be7 44. Rxd5 Nd6 45. Re5 Kxf7 46. d5 Ne8 47. b4 Ng7 48. Kc4 Bd6 49. Re1 Nxh5 50. a4 Nf4 51. Rd1 h5 52. Kb5 h4 53. a5 Ke7 54. Kc4 h3 55. b5 h2 56. Re1+ Kd7 0-1

[Event "Oberliga Nord N 1314"]
[Site "Germany"]
[Date "2014.02.09"]
[Round "6.7"]
[White "Spaet, Alexander"]
[Black "Luckow, Rolf"]
[Result "1/2-1/2"]
[WhiteElo "1993"]
[BlackElo "2173"]
[PlyCount "147"]
[EventDate "2013.10.13"]
[EventType "team-tourn"]
[EventRounds "9"]
[EventCountry "GER"]
[SourceTitle "EXT 2015"]
[Source "ChessBase"]
[SourceDate "2014.11.20"]
[SourceVersion "1"]
[SourceVersionDate "2014.11.20"]
[SourceQuality "1"]
[WhiteTeam "Hamburg Koenigsspringer"]
[BlackTeam "Kiel Turm"]
[WhiteTeamCountry "GER"]
[BlackTeamCountry "GER"]

1. e4 c6 2. d4 d5 3. f3 Nf6 4. e5 Nfd7 5. f4 e6 6. Nf3 c5 7. Nc3 Nc6 8. Be3 cxd4 9. Nxd4 Bb4 10. Nb3 f5 11. a3 Be7 12. Be2 0-0 13. 0-0 b6 14. Nxd5 Bb7 15. Nxe7+ Qxe7 16. Bf3 Rfd8 17. Qe2 Rac8 18. Rfd1 h6 19. Rd6 Ndb8 20. Rad1 Rxd6 21. Rxd6 Rd8 22. Rxd8+ Qxd8 23. Qd2 Qc7 24. a4 Ne7 25. Bxb7 Qxb7 26. Qd6 Kf7 27. Nd4 Qc8 28. b3 Nbc6 29. Nxc6 Nxc6 30. c4 Na5 31. Qd3 Qc6 32. Kf2 Ke7 33. Bd2 Qc5+ 34. Kf1 Nc6 35. b4 Qd4 36. Ke2 Qxd3+ 37. Kxd3 Kd7 38. c5 Ne7 39. Kc4 Kc6 40. b5+ Kc7 41. a5 Nd5 42. g3 h5 43. c6 g6 44. axb6+ axb6 45. Kd3 Kc8 46. Be3 Kc7 47. Bd4 Nb4+ 48. Ke2 Nc2 49. Bb2 Nb4 50. h3 Kc8 51. Kf3 Nd5 52. Bd4 Nc7 53. Bxb6 Nxb5 54. g4 hxg4+ 55. hxg4 Na3 56. Bc5 Nc4 57. Bd6 Na5 58. c7 Nc4 59. gxf5 gxf5 60. Ke2 Nb6 61. Kf3 Nd5 62. Kg3 Kd7 63. Kf3 Nxc7 64. Bxc7 Kxc7 65. Kg3 Kc6 66. Kh4 Kd5 67. Kg5 Ke4 68. Kf6 Kxf4 69. Kxe6 Kg4 70. Kd6 f4 71. e6 f3 72. e7 f2 73. e8Q f1Q 74. Qg6+ 1/2-1/2

[Event "Oberliga Nord N 1314"]
[Site "Germany"]
[Date "2014.01.12"]
[Round "8.7"]
[White "Luckow, Rolf"]
[Black "Gottuk, Stefan"]
[Result "1/2-1/2"]
[WhiteElo "2173"]
[BlackElo "2236"]
[PlyCount "84"]
[EventDate "2013.10.13"]
[EventType "team-tourn"]
[EventRounds "9"]
[EventCountry "GER"]
[SourceTitle "EXT 2015"]
[Source "ChessBase"]
[SourceDate "2014.11.20"]
[SourceVersion "1"]
[SourceVersionDate "2014.11.20"]
[SourceQuality "1"]
[WhiteTeam "Kiel Turm"]
[BlackTeam "Hamburg Diogenes"]
[WhiteTeamCountry "GER"]
[BlackTeamCountry "GER"]

1. b3 e5 2. Bb2 d6 3. e3 g6 4. f4 Bg7 5. Nf3 Nd7 6. Be2 Nh6 7. 0-0 0-0 8. fxe5 Ng4 9. h3 Ngxe5 10. Nxe5 Nxe5 11. Nc3 f5 12. Rb1 Bd7 13. Nd5 g5 14. Qe1 c6 15. Nb4 Qf6 16. Nd3 Qh6 17. Nxe5 Bxe5 18. Bxe5 dxe5 19. e4 f4 20. Bg4 Bxg4 21. hxg4 Qe6 22. Qe2 Rf6 23. Qc4 Rd8 24. d3 Kg7 25. Qxe6 Rxe6 26. Kf2 Rh6 27. Rh1 Rxh1 28. Rxh1 Rd6 29. Rh5 Kg6 30. Rh1 c5 31. a4 Kg7 32. Rh5 h6 33. Rh1 Kf7 34. Ke2 Rf6 35. Rh3 Ke6 36. Kd2 Kd6 37. Kc3 Kc6 38. Kc4 Rd6 39. Rh1 b6 40. Rh3 a6 41. Rh1 Rd4+ 42. Kc3 Rd6 1/2-1/2

[Event "Oberliga Nord N 1314"]
[Site "Germany"]
[Date "2013.11.24"]
[Round "3.5"]
[White "Luckow, Rolf"]
[Black "Schulz, Karsten"]
[Result "1/2-1/2"]
[WhiteElo "2173"]
[BlackElo "2302"]
[PlyCount "42"]
[EventDate "2013.10.13"]
[EventType "team-tourn"]
[EventRounds "9"]
[EventCountry "GER"]
[SourceTitle "EXT 2015"]
[Source "ChessBase"]
[SourceDate "2014.11.20"]
[SourceVersion "1"]
[SourceVersionDate "2014.11.20"]
[SourceQuality "1"]
[WhiteTeam "Kiel Turm"]
[BlackTeam "Schwerin"]
[WhiteTeamCountry "GER"]
[BlackTeamCountry "GER"]

1. b3 Nf6 2. Bb2 e6 3. e3 g6 4. Nf3 Bg7 5. Be2 b6 6. 0-0 Bb7 7. c4 0-0 8. Qc2 d6 9. Nc3 Nbd7 10. Rac1 Qe7 11. d3 Rac8 12. Nd2 c5 13. Bf3 Bxf3 14. Nxf3 Rfd8 15. d4 Nb8 16. dxc5 dxc5 17. Rfd1 Nc6 18. Nb5 Rxd1+ 19. Rxd1 Rd8 20. Rxd8+ Qxd8 21. Qd2 Qxd2 1/2-1/2

[Event "Oberliga Nord N 1314"]
[Site "Germany"]
[Date "2013.11.10"]
[Round "2.7"]
[White "Van Riesen, Klaus"]
[Black "Luckow, Rolf"]
[Result "1/2-1/2"]
[WhiteElo "2057"]
[BlackElo "2173"]
[PlyCount "53"]
[EventDate "2013.10.13"]
[EventType "team-tourn"]
[EventRounds "9"]
[EventCountry "GER"]
[SourceTitle "EXT 2015"]
[Source "ChessBase"]
[SourceDate "2014.11.20"]
[SourceVersion "1"]
[SourceVersionDate "2014.11.20"]
[SourceQuality "1"]
[WhiteTeam "Pinneberg"]
[BlackTeam "Kiel Turm"]
[WhiteTeamCountry "GER"]
[BlackTeamCountry "GER"]

1. d4 Nf6 2. Nf3 d5 3. c4 c6 4. e3 g6 5. Nc3 Bg7 6. Be2 0-0 7. 0-0 dxc4 8. Bxc4 c5 9. Qe2 Bg4 10. dxc5 Qa5 11. h3 Bxf3 12. Qxf3 Nc6 13. Bb3 Qxc5 14. Bd2 Na5 15. Na4 Qb5 16. Bxa5 Qxa5 17. Qxb7 e6 18. Rfd1 Rab8 19. Qf3 Nd5 20. Qe2 Nb6 21. Nxb6 Qxb6 22. Rd2 Rfd8 23. Rad1 Rxd2 24. Qxd2 Bf6 25. Qe2 a5 26. Rd7 Rb7 27. Rxb7 1/2-1/2

[Event "Oberliga Nord N 1213"]
[Site "Germany"]
[Date "2013.04.14"]
[Round "9.4"]
[White "Hodl, Ingolf"]
[Black "Luckow, Rolf"]
[Result "1-0"]
[WhiteElo "2046"]
[BlackElo "2187"]
[PlyCount "121"]
[EventDate "2012.10.14"]
[EventType "team-tourn"]
[EventRounds "9"]
[EventCountry "GER"]
[SourceTitle "EXT 2015"]
[Source "ChessBase"]
[SourceDate "2014.11.20"]
[SourceVersion "1"]
[SourceVersionDate "2014.11.20"]
[SourceQuality "1"]
[WhiteTeam "Rostock"]
[BlackTeam "Kiel Turm"]
[WhiteTeamCountry "GER"]
[BlackTeamCountry "GER"]

1. e4 c5 2. Nc3 Nc6 3. Nge2 Nf6 4. d4 cxd4 5. Nxd4 d6 6. Be2 e5 7. Nb3 Be6 8. Bg5 Be7 9. Qd2 h6 10. Bxf6 gxf6 11. f4 f5 12. exf5 Bxf5 13. Nd5 Be4 14. Nxe7 Qxe7 15. 0-0-0 0-0-0 16. Bd3 Bxd3 17. Qxd3 Kc7 18. Qc4 Kb8 19. Rd2 f6 20. Rhd1 Rhf8 21. f5 Rfe8 22. Qe4 Kc7 23. Rd3 Qf7 24. Rd5 Ne7 25. Ra5 a6 26. c4 Nc6 27. Ra4 Rd7 28. Na5 Nxa5 29. Rxa5 Red8 30. Rad5 Qh5 31. h3 Rg8 32. c5 Rgd8 33. cxd6+ Kb8 34. R5d3 Qg5+ 35. Kb1 Rg8 36. g4 h5 37. Rg1 Rgd8 38. Qb4 hxg4 39. hxg4 Qh4 40. Rgd1 Rg8 41. Qa4 Rgg7 42. Rg1 Qf2 43. Qd1 e4 44. Rh3 Qc5 45. Rh8+ Ka7 46. Re1 Rxd6 47. Qe2 Rgd7 48. Rc1 Qd4 49. Rh3 Qe5 50. Rhc3 Rd3 51. Rxd3 Rxd3 52. Rc4 Rf3 53. Rxe4 Qg3 54. a3 Qg1+ 55. Ka2 Rg3 56. Rb4 Re3 57. Qd2 Re7 58. Qd4+ Qxd4 59. Rxd4 Rg7 60. Rd6 Rxg4 61. Rxf6 1-0

[Event "Oberliga Nord N 1213"]
[Site "Germany"]
[Date "2013.01.13"]
[Round "5.5"]
[White "Luckow, Rolf"]
[Black "Maass, Joerg"]
[Result "1-0"]
[WhiteElo "2187"]
[BlackElo "2165"]
[PlyCount "83"]
[EventDate "2012.10.14"]
[EventType "team-tourn"]
[EventRounds "9"]
[EventCountry "GER"]
[SourceTitle "EXT 2015"]
[Source "ChessBase"]
[SourceDate "2014.11.20"]
[SourceVersion "1"]
[SourceVersionDate "2014.11.20"]
[SourceQuality "1"]
[WhiteTeam "Kiel Turm"]
[BlackTeam "Neumuenster Agon"]
[WhiteTeamCountry "GER"]
[BlackTeamCountry "GER"]

1. e4 c5 2. d4 cxd4 3. c3 d5 4. exd5 Nf6 5. Qa4+ Nbd7 6. Qxd4 Qa5 7. Bc4 g6 8. Nf3 Bg7 9. 0-0 0-0 10. Re1 Ne8 11. Qh4 Nd6 12. Bb3 Nf6 13. Qb4 Qxb4 14. cxb4 a5 15. bxa5 Nfe4 16. Nbd2 Nxd2 17. Nxd2 Rxa5 18. Rxe7 Nf5 19. Re1 Nd4 20. d6 Bf5 21. Bd1 Be6 22. Ne4 Rc8 23. Bd2 Rd5 24. Bb4 Rc4 25. Nc3 Re5 26. Rxe5 Bxe5 27. a3 b5 28. Kf1 Rc6 29. Be2 Nxe2 30. Kxe2 Bxd6 31. Bxd6 Rxd6 32. Rd1 Bc4+ 33. Ke1 Re6+ 34. Kd2 f5 35. Kc2 Rc6 36. Rd7 Be6 37. Rd4 Kf7 38. b3 Rc5 39. Kb2 g5 40. f4 gxf4 41. Rxf4 Kf6 42. Ne4+ 1-0

[Event "Oberliga Nord N 0607"]
[Site "Germany"]
[Date "2007.02.25"]
[Round "6.2"]
[White "Luckow, Rolf"]
[Black "Janz, Frerik"]
[Result "1/2-1/2"]
[WhiteElo "2159"]
[BlackElo "2327"]
[PlyCount "85"]
[EventDate "2006.10.15"]
[EventType "team-tourn"]
[EventRounds "9"]
[EventCountry "GER"]
[SourceTitle "EXT 2019"]
[Source "ChessBase"]
[SourceDate "2018.10.10"]
[SourceVersion "1"]
[SourceVersionDate "2018.10.10"]
[SourceQuality "1"]
[WhiteTeam "Mettenhof"]
[BlackTeam "Kiel Meerbauer"]
[WhiteTeamCountry "GER"]
[BlackTeamCountry "GER"]

1. d4 g6 2. Nf3 Bg7 3. Bf4 c5 4. c3 Qb6 5. Qd2 Nf6 6. e3 0-0 7. h3 d6 8. Be2 Bf5 9. 0-0 Nc6 10. Na3 Ne4 11. Qc1 d5 12. Rd1 Rac8 13. dxc5 Qxc5 14. Nd4 e5 15. Nxf5 gxf5 16. Bh2 Rfd8 17. Bd3 Qe7 18. Bxe4 fxe4 19. Qd2 f5 20. Nc2 Rd7 21. Qe2 a6 22. f4 d4 23. Qc4+ Qf7 24. Qxf7+ Kxf7 25. fxe5 d3 26. Nd4 Kg6 27. Rf1 Rf7 28. g4 fxg4 29. hxg4 Bxe5 30. Nf5 Bxh2+ 31. Kxh2 Ne5 32. Rf4 Nxg4+ 33. Rxg4+ Kxf5 34. Rf4+ Ke6 35. Rxe4+ Kd5 36. Rd4+ Kc6 37. Rg1 Re8 38. Rxd3 Re5 39. Rg2 Rf3 40. Rg3 Rf2+ 41. Rg2 Rf3 42. Rg3 Rf2+ 43. Rg2 1/2-1/2

[Event "Oberliga Nord N 0607"]
[Site "Germany"]
[Date "2007.02.04"]
[Round "5.2"]
[White "Tomczak, Rafal"]
[Black "Luckow, Rolf"]
[Result "0-1"]
[WhiteElo "2316"]
[BlackElo "2159"]
[PlyCount "106"]
[EventDate "2006.10.15"]
[EventType "team-tourn"]
[EventRounds "9"]
[EventCountry "GER"]
[SourceTitle "EXT 2019"]
[Source "ChessBase"]
[SourceDate "2018.10.10"]
[SourceVersion "1"]
[SourceVersionDate "2018.10.10"]
[SourceQuality "1"]
[WhiteTeam "Rostock"]
[BlackTeam "Mettenhof"]
[WhiteTeamCountry "GER"]
[BlackTeamCountry "GER"]

1. e4 c6 2. d4 d5 3. Nc3 dxe4 4. Nxe4 Nf6 5. Ng3 e6 6. Nf3 Bd6 7. Bd3 Nbd7 8. 0-0 0-0 9. Qe2 Re8 10. Ne5 c5 11. Nxd7 Bxd7 12. dxc5 Bxc5 13. Bg5 g6 14. Rad1 Be7 15. Bxf6 Bxf6 16. Be4 Qc7 17. Qf3 Bxb2 18. c3 Bb5 19. Bxb7 Rab8 20. Ne4 Qxb7 21. Nf6+ Kg7 22. Nxe8+ Bxe8 23. Qe3 Ba3 24. Qe5+ Kg8 25. Rd2 Bf8 26. c4 Rc8 27. Qf4 Qc6 28. Rc2 Bd6 29. Qh4 Qc5 30. Rc3 Be5 31. Re3 Bg7 32. Rc1 h5 33. Rd3 Bf8 34. h3 Be7 35. Qg3 Bc6 36. Rb3 Bd6 37. Qe3 Qf5 38. Rd1 Bc5 39. Qd2 Kh7 40. Rf1 e5 41. Kh2 Kg7 42. Kg1 Qf6 43. Kh1 Rd8 44. Rd3 Bd4 45. Qe2 Qf5 46. f3 Qf4 47. Qd2 Qf6 48. Qe2 Bd7 49. Rb3 Be6 50. Ra3 Qe7 51. Ra4 Qd7 52. Ra5 Qc7 53. Ra4 Bxh3 0-1

[Event "Oberliga Nord N 0607"]
[Site "Germany"]
[Date "2006.11.19"]
[Round "3.2"]
[White "Zimmermann, Julian"]
[Black "Luckow, Rolf"]
[Result "1/2-1/2"]
[WhiteElo "2313"]
[BlackElo "2159"]
[PlyCount "104"]
[EventDate "2006.10.15"]
[EventType "team-tourn"]
[EventRounds "9"]
[EventCountry "GER"]
[SourceTitle "EXT 2019"]
[Source "ChessBase"]
[SourceDate "2018.10.10"]
[SourceVersion "1"]
[SourceVersionDate "2018.10.10"]
[SourceQuality "1"]
[WhiteTeam "Hamburg Koenigsspringer"]
[BlackTeam "Mettenhof"]
[WhiteTeamCountry "GER"]
[BlackTeamCountry "GER"]

1. e4 c6 2. d4 d5 3. Nd2 dxe4 4. Nxe4 Nf6 5. Nxf6+ exf6 6. h3 Bd6 7. Bd3 0-0 8. Ne2 Re8 9. 0-0 Nd7 10. Bf4 Nf8 11. c3 Be6 12. Re1 Qd7 13. Bxd6 Qxd6 14. Ng3 Rad8 15. Ne4 Qc7 16. Qh5 b6 17. b4 Bd5 18. a3 Bxe4 19. Bxe4 g6 20. Qf3 Re6 21. Bc2 f5 22. Bb3 Red6 23. Re5 Kg7 24. Rae1 R6d7 25. g4 fxg4 26. hxg4 h6 27. Kg2 g5 28. Bc2 Qd6 29. Bf5 Rc7 30. Re8 Rxe8 31. Rxe8 Ng6 32. Bxg6 Kxg6 33. Qe4+ Kg7 34. Kf3 Qf6+ 35. Kg3 c5 36. Qe5 Qxe5+ 37. Rxe5 cxb4 38. cxb4 Rc4 39. Re7 a5 40. Rb7 Rxd4 41. Rxb6 Rd3+ 42. f3 a4 43. Ra6 Rxa3 44. b5 Ra1 45. b6 Rb1 46. Rxa4 Rxb6 47. Ra5 Kg6 48. Rc5 h5 49. gxh5+ Kxh5 50. f4 Rb3+ 51. Kg2 f6 52. fxg5 fxg5 1/2-1/2

[Event "Oberliga Nord N 0607"]
[Site "Germany"]
[Date "2006.10.29"]
[Round "2.2"]
[White "Luckow, Rolf"]
[Black "Bokelbrink, Uwe"]
[Result "0-1"]
[WhiteElo "2159"]
[BlackElo "2286"]
[PlyCount "94"]
[EventDate "2006.10.15"]
[EventType "team-tourn"]
[EventRounds "9"]
[EventCountry "GER"]
[SourceTitle "EXT 2019"]
[Source "ChessBase"]
[SourceDate "2018.10.10"]
[SourceVersion "1"]
[SourceVersionDate "2018.10.10"]
[SourceQuality "1"]
[WhiteTeam "Mettenhof"]
[BlackTeam "Pinneberg"]
[WhiteTeamCountry "GER"]
[BlackTeamCountry "GER"]

1. b3 e5 2. Bb2 d6 3. e3 Nf6 4. c4 Be7 5. Nc3 0-0 6. Nf3 Bg4 7. Be2 Nbd7 8. d4 c6 9. 0-0 Re8 10. Ng5 Bxe2 11. Nxe2 h6 12. Nf3 e4 13. Nd2 d5 14. c5 Bf8 15. Ng3 Re6 16. Qc2 h5 17. Ne2 Ng4 18. h3 Ngf6 19. Nf4 Re8 20. b4 g6 21. g3 Bh6 22. Kh2 h4 23. Rg1 hxg3+ 24. fxg3 Kg7 25. Raf1 Rh8 26. Kg2 Nf8 27. Rh1 N8h7 28. Bc1 Qd7 29. Rh2 Ng5 30. Rfh1 Qf5 31. Rf1 Qd7 32. Rfh1 Rae8 33. Qd1 a5 34. a3 axb4 35. axb4 Ra8 36. Qc2 Ra6 37. Rf1 Rha8 38. Rhh1 Ra2 39. Bb2 R8a3 40. Kf2 Nxh3+ 41. Nxh3 Ng4+ 42. Ke2 Nxe3 43. Qc1 Qg4+ 44. Kf2 Nxf1 45. Kxf1 Rf3+ 46. Nf2 Qxg3 47. Ndxe4 Rxf2+ 0-1

[Event "Kiel op 15th"]
[Site "Kiel"]
[Date "2002.08.16"]
[Round "9"]
[White "Luckow, Rolf"]
[Black "Hertel, Peter"]
[Result "1/2-1/2"]
[WhiteElo "2126"]
[BlackElo "2273"]
[PlyCount "60"]
[EventDate "2002.08.10"]
[EventType "swiss"]
[EventRounds "9"]
[EventCountry "GER"]
[SourceTitle "EXT 2003"]
[Source "ChessBase"]
[SourceDate "2002.11.25"]
[SourceVersion "1"]
[SourceVersionDate "2002.11.25"]
[SourceQuality "1"]

1. e4 c5 2. Nf3 d6 3. d4 cxd4 4. Nxd4 Nf6 5. Nc3 a6 6. Bg5 e6 7. f4 Qb6 8. Qd2 Qxb2 9. Rb1 Qa3 10. f5 Nc6 11. fxe6 fxe6 12. Nxc6 bxc6 13. e5 dxe5 14. Bxf6 gxf6 15. Ne4 Be7 16. Be2 h5 17. Rb3 Qa4 18. Nxf6+ Bxf6 19. c4 Ra7 20. Rb8 Ke7 21. 0-0 Rd7 22. Qe3 Rd4 23. Qf2 Rf4 24. Qa7+ Bd7 25. Qc5+ Kf7 26. Rxf4 exf4 27. Bxh5+ Rxh5 28. Qxh5+ Ke7 29. Qc5+ Kf7 30. Qh5+ Ke7 1/2-1/2

[Event "DESC SE071 email"]
[Site "DESC email"]
[Date "2002.06.18"]
[Round "?"]
[White "Markus, Roland"]
[Black "Luckow, Rolf"]
[Result "1/2-1/2"]
[WhiteElo "2065"]
[BlackElo "2014"]
[PlyCount "87"]
[EventDate "2002.??.??"]
[EventType "tourn (corr)"]
[EventRounds "6"]
[EventCountry "GER"]
[SourceTitle "Corr 2004"]
[Source "ChessBase"]
[SourceDate "2003.04.28"]
[SourceVersion "3"]
[SourceVersionDate "2003.04.28"]
[SourceQuality "1"]

1. e4 c5 2. Nf3 Nc6 3. c3 d5 4. exd5 Qxd5 5. d4 Bg4 6. Be2 cxd4 7. cxd4 e6 8. Nc3 Qa5 9. 0-0 Nf6 10. h3 Bh5 11. Be3 Bd6 12. Qb3 Qb4 13. d5 Qxb3 14. axb3 Nxd5 15. Nxd5 exd5 16. Rfd1 0-0-0 17. Bxa7 Nxa7 18. Rxa7 Rhe8 19. Kf1 Bc5 20. Ra5 Bb6 21. Raxd5 Rxd5 22. Rxd5 Bxf3 23. Bxf3 Re7 24. b4 Kc7 25. Rb5 f6 26. Bd5 Re5 27. f3 h6 28. b3 Re7 29. h4 Re5 30. g3 Re8 31. h5 Rb8 32. f4 Bd4 33. Ra5 Rd8 34. Bc4 Bc3 35. Rc5+ Kb8 36. b5 Bd4 37. Rf5 b6 38. Ke2 Rd6 39. g4 Kc7 40. g5 Kd8 41. Kf3 Ke7 42. Ke4 Kf8 43. gxh6 gxh6 44. Rd5 1/2-1/2